Jennifer Lawrence Movies by Picture (Click) - Statistics

General Stats
  • This quiz has been taken 37 times
  • The average score is 7 of 16
Answer Stats
Hint Answer % Correct
Hunger Games MCDHUGA_EC009.jpg
100%
X-Men : First Class 5a1726384b280b54c1d6af36d716394c.jpg
88%
Red Sparrow bbe593b44b0419b8c2e2db4938db22540a-01-red-sparrow.rsquare.w400.jpg
65%
Don't Look Up Dont-Look-Up-920x920.jpg
65%
No Hard Feelings 1949941.jpg
47%
Winter's Bone d5dxv1-27931893.image?w=640&h=640
47%
Passengers f6d42f7471-450.webp
41%
House at the End of the Street house-lawrence_175-01fe0504975e44dfaab25e83f17abb99.jpg
35%
The Bill Engvall Show 0fa3d43ea5b3a6ac3ff9c44a3ef0f1408880ed5c.jpg
29%
Mother! original.jpg
29%
American Hustle american-hustle-jlaw.jpg?width=1200&height=1200&fit=crop
29%
Happiness Therapy 1378048249-hollywood-stunner-jennifer-lawrence-in-a-still-from-the-film-silver-linings-playbook.jpg
24%
Serena original-30950-1427230507-25.jpg?downsize=700%3A%2A&output-quality=auto&output-format=auto
18%
The Poker House 21026399_20130812151532743.jpg
12%
Causeway GbiyVMfXUAA9-uy.jpg:large
12%
Joy 56c5f1bd33-450.webp
12%
No matching quizzes found
Score Distribution
Percent of People with Each Score
Percentile by Number Answered
Your Score History
You have not taken this quiz